How Jesus met life questions. (Record no. 5048)

000 -LEADER
fixed length control field 00542nam a2200181 a 4500
001 - CONTROL NUMBER
control field :::00002789$&:&@@
003 - CONTROL NUMBER IDENTIFIER
control field OkBaRHE
005 - DATE AND TIME OF LATEST TRANSACTION
control field 20000607103257.0
008 - FIXED-LENGTH DATA ELEMENTS--GENERAL INFORMATION
fixed length control field s1920 j 000 0 eng u
040 ## - CATALOGING SOURCE
Transcribing agency
100 1# - MAIN ENTRY--PERSONAL NAME
Personal name Elliott, Harrison S.
245 10 - TITLE STATEMENT
Title How Jesus met life questions.
260 ## - PUBLICATION, DISTRIBUTION, ETC. (IMPRINT)
Place of publication, distribution, etc New York, NY., :
Name of publisher, distributor, etc Association Press
Date of publication, distribution, etc 1920
300 ## - PHYSICAL DESCRIPTION
Extent 149 p. ;
Dimensions 18 cm.
650 ## - SUBJECT ADDED ENTRY--TOPICAL TERM
Topical term or geographic name as entry element Jesus Christ
General subdivision Teachings
942 ## - ADDED ENTRY ELEMENTS (KOHA)
Source of classification or shelving scheme
Koha item type Books
Copies
Not for loan Full call number Date last seen Permanent Location Lost status Withdrawn status Source of classification or shelving scheme Barcode Koha item type Date acquired Copy number Shelving location Price effective from Damaged status
 BS 2417 .E42018-03-16RHEMA Bible Training College   2789Books2010-04-141General Stacks2010-04-14